ბათუმის შოთა რუსთაველის სახელმწიფო უნივერსიტეტის ბიბლიოთეკა

მცირე აფხაზურ-ქართული ლექსიკონი (ბიბ.ჩანაწერი № 51150)

000 -LEADER
fixed length control field 00782nam a2200229Ia 4500
001 - CONTROL NUMBER
control field 18108
003 - CONTROL NUMBER IDENTIFIER
control field GE_BSU
008 - FIXED-LENGTH DATA ELEMENTS--GENERAL INFORMATION
fixed length control field 181216s||||||||xx |||||||||||||| ||und||
020 ## - INTERNATIONAL STANDARD BOOK NUMBER
International Standard Book Number 99928-77-93-6
040 ## - CATALOGING SOURCE
Transcribing agency GE_BSU
080 ## - UNIVERSAL DECIMAL CLASSIFICATION NUMBER
Universal Decimal Classification number 81'374.822=352.2=353.1
100 ## - MAIN ENTRY--PERSONAL NAME
Personal name გვანცელაძე, თეიმურაზ
245 ## - TITLE STATEMENT
Title მცირე აფხაზურ-ქართული ლექსიკონი
245 ## - TITLE STATEMENT
Statement of responsibility, etc. რედ.: ქ. ლომთათიძე
260 ## - PUBLICATION, DISTRIBUTION, ETC.
Place of publication, distribution, etc. თბილისი
260 ## - PUBLICATION, DISTRIBUTION, ETC.
Name of publisher, distributor, etc. თბილ. უნ-ტის გამ-ბა
260 ## - PUBLICATION, DISTRIBUTION, ETC.
Date of publication, distribution, etc. 2000
300 ## - PHYSICAL DESCRIPTION
Extent 172გვ. ; 20სმ.
653 ## - INDEX TERM--UNCONTROLLED
Uncontrolled term მცირე აფხაზურ-ქართული ლექსიკონი
942 ## - ADDED ENTRY ELEMENTS (KOHA)
Koha item type წიგნი
ეგზემპლარები
Withdrawn status Lost status Damaged status Not for loan Date acquired Barcode Date last seen Price effective from Koha item type
        2018-12-17 46157 2018-12-17 2018-12-17 წიგნი